000 00768nam a2200253 a 4500
001 68817
003 BD-RjUL
005 20211209081819.0
008 170406b 1996ii ||||| |||| 00| 0 eng d
020 _a8174882391
035 _a(BD-RjUL)69028
040 _aBD-RjUL
_beng
_cBD-RjUL
_dBD-RjUL
041 _aeng
082 _223
_a571.295
_bARP 1996
100 _a Arora, Dilip K
_9200659
245 _aPhysiology of fungi /
_bDilip K Arora and Seema Gupta
260 _aNew delhi :
_bAnmol Publications,
_c1996
300 _a431 p. :
_bill. ;
_c19 cm.
490 _aAdvances in plant physiology series,
_v5.
650 _aFungi
_vPhysiology.
_9203939
700 _aGupta, Seema
_9200661
856 _3Advances in plant physiology series,
_u5.
942 _2ddc
_cBK
999 _c68817
_d68817